|
|
|
|
| LEADER |
00000nam0a2200000 4500 |
| 001 |
314074 |
| 005 |
20231102002636.0 |
| 010 |
|
|
|a 9785811410705
|
| 035 |
|
|
|a (RuTPU)RU\TPU\book\339485
|
| 035 |
|
|
|a RU\TPU\book\193846
|
| 090 |
|
|
|a 314074
|
| 100 |
|
|
|a 20100409d2016 m y0rusy50 ca
|
| 101 |
0 |
|
|a rus
|
| 102 |
|
|
|a RU
|
| 105 |
|
|
|a a j 001zy
|
| 200 |
1 |
|
|a Курс коллоидной химии
|e учебник
|f Д. А. Фридрихсберг
|
| 205 |
|
|
|a 4-е изд., испр. и доп.
|
| 210 |
|
|
|a Санкт-Петербург
|c Лань
|d 2016
|
| 215 |
|
|
|a 412 с.
|c ил.
|
| 225 |
1 |
|
|a Учебники для вузов. Специальная литература
|
| 320 |
|
|
|a Библиогр.: с. 404.
|
| 320 |
|
|
|a Предметный указатель: с. 407-411.
|
| 320 |
|
|
|a Принятые обозначения: с. 405-406.
|
| 330 |
|
|
|a В учебнике изложены общие закономерности физикохимии дисперсных систем и поверхностных явлений, учение о поверхностных силах и адсорбции, устойчивости дисперсных систем, физическая химия высокомолекулярных соединений, мицеллообразование, свойства порошков, суспензий, эмульсий, поверхностных пленок и аэрозолей. Учебник предназначен студентам вузов. Полезен научным и инженерно-техническим работникам химической, металлургической, горно-обогатительной, силикатной, легкой, пищевой, фармацевтической и других отраслей промышленности.
|
| 451 |
|
1 |
|0 (RuTPU)RU\TPU\book\5306
|y 5-7245-1022-7
|t Курс коллоидной химии
|o учебник
|f Д. А. Фридрихсберг
|e 3-е изд., испр.
|c СПб.
|n Химия
|d 1995
|p 400 с.
|s Для высшей школы
|a Фридрихсберг, Дмитрий Александрович
|
| 606 |
1 |
|
|a Коллоидная химия
|2 stltpush
|3 (RuTPU)RU\TPU\subj\68635
|9 83831
|
| 610 |
1 |
|
|a коллоидное состояние
|
| 610 |
1 |
|
|a дисперсные системы
|
| 610 |
1 |
|
|a очистка
|
| 610 |
1 |
|
|a оптические свойства
|
| 610 |
1 |
|
|a термодинамика
|
| 610 |
1 |
|
|a адсорбция
|
| 610 |
1 |
|
|a поверхностные пленки
|
| 610 |
1 |
|
|a нерастворимые вещества
|
| 610 |
1 |
|
|a смачивание
|
| 610 |
1 |
|
|a поверхности
|
| 610 |
1 |
|
|a твердые тела
|
| 610 |
1 |
|
|a газы
|
| 610 |
1 |
|
|a пары
|
| 610 |
1 |
|
|a жидкости
|
| 610 |
1 |
|
|a устойчивость
|
| 610 |
1 |
|
|a эмульсии
|
| 610 |
1 |
|
|a пены
|
| 610 |
1 |
|
|a аэрозоли
|
| 610 |
1 |
|
|a высокомолекулярные соединения
|
| 610 |
1 |
|
|a природная среда
|
| 610 |
1 |
|
|a коллоидно-химические основы
|
| 610 |
1 |
|
|a экология
|
| 610 |
1 |
|
|a учебники
|
| 675 |
|
|
|a 544.7(075.8)
|v 3
|
| 700 |
|
1 |
|a Фридрихсберг
|b Д. А.
|g Дмитрий Александрович
|
| 801 |
|
1 |
|a RU
|b 63413507
|c 20160208
|
| 801 |
|
2 |
|a RU
|b 63413507
|c 20160405
|g RCR
|
| 900 |
|
|
|a Коллоидная химия
|
| 942 |
|
|
|c BK
|
| 959 |
|
|
|a 17/20160208
|d 5
|e 658,68
|f ЧЗТЛ:1
|f УФ:4
|